[Event "I OPEN INTERNACIONAL HOTEL MURTA (Event code: 116333)"]
[Site "Hotel Murta, Carrer Catedràtic Angel Lacalle, s/n, 46800 Xativa (Valencia)"]
[Date "2015.08.27"]
[Round "5"]
[Board "8"]
[White "Villacorta Nicolas, David"]
[Black "Reig Albero, Ferran"]
[Result "0-1"]
[WhiteElo "1854"]
[BlackElo "2067"]
[PlyCount "110"]
[EventDate "2015.08.25"]
[EventRounds "9"]
[EventCountry "ESP"]

1. e4 d6 2. d4 Nf6 3. Nc3 g6 4. Bg5 c6 5. Bxf6 exf6 6. Nf3 Bg7 7. Be2 O-O 8.
O-O f5 9. e5 Nd7 10. exd6 Nb6 11. Qd2 Qxd6 12. Rad1 Be6 13. Rfe1 Rad8 14. Bf1
Qb4 15. b3 c5 16. Ne2 Qxd2 17. Rxd2 Bh6 18. Rdd1 c4 19. Ng3 Rc8 20. bxc4 Bxc4
21. Re7 Bd5 22. Bd3 Rfd8 23. Nf1 Bf8 24. Re3 f4 25. Ree1 Bxf3 26. gxf3 Rxd4 27.
Re4 Rcd8 28. Rde1 Kg7 29. Rxd4 Rxd4 30. Re4 Ra4 31. Rxa4 Nxa4 32. Nd2 f5 33.
Kf1 Kf6 34. Bc4 Bb4 35. Ke2 b5 36. Bb3 Nc5 37. Bd5 Ke5 38. c4 Bxd2 39. Kxd2 Kd4
40. Bg8 bxc4 41. Bxh7 c3+ 42. Kd1 g5 43. Bxf5 Nd3 44. Kc2 Nxf2 45. Bg6 Nh3 46.
Bf5 Ng1 47. Be4 Ke3 48. Kxc3 Nxf3 49. h3 Ne5 50. Bb7 f3 51. Ba6 Ng6 52. Kc2 Nf4
53. Kd1 Nxh3 54. Bc8 Nf2+ 55. Ke1 g4 0-1

[Event "I OPEN INTERNACIONAL HOTEL MURTA (Event code: 116333)"]
[Site "Hotel Murta, Carrer Catedràtic Angel Lacalle, s/n, 46800 Xativa (Valencia)"]
[Date "2015.08.27"]
[Round "5"]
[Board "9"]
[White "Morant Amezaga, Elies"]
[Black "Pallas I Garrido, Ernest Josep"]
[Result "1-0"]
[WhiteElo "1975"]
[BlackElo "1772"]
[PlyCount "101"]
[EventDate "2015.08.25"]
[EventRounds "9"]
[EventCountry "ESP"]

1. d4 e6 2. c4 d5 3. Nc3 f5 4. Bf4 Nf6 5. e3 Be7 6. Nf3 O-O 7. Bd3 c6 8. O-O
Bd7 9. Qc2 Ne4 10. Ne1 Be8 11. f3 Nf6 12. Rd1 Bh5 13. Rd2 dxc4 14. Bxc4 Nd5 15.
Bxd5 exd5 16. Nd3 Nd7 17. b4 Nb6 18. Nc5 Bxc5 19. bxc5 Nc4 20. Re2 Qf6 21. Qc1
Rae8 22. Bg3 Re6 23. Bf2 Rfe8 24. Rfe1 Qg5 25. Kh1 Rg6 26. Bg3 Rge6 27. Bf2 Rg6
28. Rg1 Rge6 29. Nd1 Qe7 30. Rge1 g5 31. Rc2 g4 32. f4 g3 33. hxg3 Bxd1 34.
Rxc4 Bg4 35. Ra4 Rh6+ 36. Kg1 Qf7 37. Kf1 Qh5 38. Rxa7 Qh1+ 39. Bg1 Rh2 40. Qb2
Bf3 41. Re2 Bxe2+ 42. Qxe2 Re7 43. Qf3 h5 44. Ra8+ Kh7 45. Rf8 Kg6 46. Rg8+ Kh7
47. Rg5 Re8 48. Rxf5 Ra8 49. Qe2 Kh6 50. Qc2 Rg8 51. Rf6+ 1-0

[Event "I OPEN INTERNACIONAL HOTEL MURTA (Event code: 116333)"]
[Site "Hotel Murta, Carrer Catedràtic Angel Lacalle, s/n, 46800 Xativa (Valencia)"]
[Date "2015.08.27"]
[Round "5"]
[Board "10"]
[White "Gonzalvez Tamarit, Ivan"]
[Black "Crespo Calatayud, Santiago"]
[Result "0-1"]
[WhiteElo "1750"]
[BlackElo "1835"]
[PlyCount "64"]
[EventDate "2015.08.25"]
[EventRounds "9"]
[EventCountry "ESP"]

1. d4 Nf6 2. c4 c5 3. d5 b5 4. f3 e6 5. e4 exd5 6. cxd5 a6 7. a4 b4 8. d6 Nc6
9. b3 g6 10. Bb2 Bg7 11. e5 Nh5 12. Qd5 Qh4+ 13. Kd1 Qf2 14. Bc4 O-O 15. Qd2
Qh4 16. g4 Nxe5 17. Bd5 Rb8 18. gxh5 Qxh5 19. Bxe5 Bxe5 20. Ra2 Bxd6 21. Bxf7+
Rxf7 22. Qxd6 Ra8 23. Re2 Bb7 24. Nd2 Raf8 25. Qe5 Rf5 26. Qe7 Rd5 27. Kc2 Bc6
28. Ne4 Qf5 29. Kc1 Rf7 30. Qd8+ Kg7 31. Qh4 Qe5 32. Nc3 Qxc3+ 0-1

[Event "I OPEN INTERNACIONAL HOTEL MURTA (Event code: 116333)"]
[Site "Hotel Murta, Carrer Catedràtic Angel Lacalle, s/n, 46800 Xativa (Valencia)"]
[Date "2015.08.27"]
[Round "6"]
[Board "1"]
[White "Granero Roca, Antonio"]
[Black "Montalban Galvez, Antoni"]
[Result "1/2-1/2"]
[WhiteElo "2397"]
[BlackElo "2186"]
[PlyCount "69"]
[EventDate "2015.08.25"]
[EventRounds "9"]
[EventCountry "ESP"]

1. d4 Nf6 2. c4 g6 3. Nc3 Bg7 4. e4 d6 5. h3 O-O 6. Nf3 e5 7. d5 a5 8. Bg5 h6
9. Be3 Na6 10. g4 Nc5 11. Nd2 Bd7 12. Qc2 b6 13. Be2 Qc8 14. f3 Qb7 15. Kf2 c6
16. a4 Ne8 17. Kg2 Nc7 18. Rhc1 N7a6 19. dxc6 Bxc6 20. Nd5 Nb4 21. Nxb4 axb4
22. b3 f5 23. Bd3 fxe4 24. Bxe4 Nxe4 25. fxe4 Rf4 26. Bxf4 exf4 27. Re1 Bxa1
28. Rxa1 Qg7 29. Re1 Re8 30. Nf3 g5 31. Qd3 Qg6 32. Nd2 Qf6 33. Nf3 Qg6 34. Nd2
Qf6 35. Nf3 1/2-1/2

[Event "I OPEN INTERNACIONAL HOTEL MURTA (Event code: 116333)"]
[Site "Hotel Murta, Carrer Catedràtic Angel Lacalle, s/n, 46800 Xativa (Valencia)"]
[Date "2015.08.27"]
[Round "6"]
[Board "2"]
[White "Garcia Amoros, Pablo"]
[Black "Cruz Lledo, Pablo"]
[Result "0-1"]
[WhiteElo "2153"]
[BlackElo "2291"]
[PlyCount "78"]
[EventDate "2015.08.25"]
[EventRounds "9"]
[EventCountry "ESP"]

1. e4 c6 2. d4 d5 3. Nc3 dxe4 4. Nxe4 Nf6 5. Nxf6+ gxf6 6. c3 h5 7. Be2 h4 8.
Bf4 Nd7 9. h3 Nb6 10. Bf3 Bf5 11. Ne2 Qd7 12. Nc1 O-O-O 13. Nb3 e5 14. Bh2 Rg8
15. g4 hxg3 16. Bxg3 exd4 17. Nxd4 Re8+ 18. Kf1 Bxh3+ 19. Bg2 Bxg2+ 20. Kxg2
Nd5 21. Qf3 Bd6 22. Rae1 Be5 23. Re4 Rg5 24. Rh5 Reg8 25. Rxg5 Rxg5 26. Rh4 f5
27. Kf1 f4 28. Bxf4 Nxf4 29. Rxf4 Bxf4 30. Qxf4 Rg8 31. Qf5 Qxf5 32. Nxf5 Kd7
33. Ne3 a5 34. a4 b5 35. axb5 cxb5 36. Ke2 Ke6 37. Nc2 Kd5 38. b4 a4 39. Na3
Kc6 0-1

[Event "I OPEN INTERNACIONAL HOTEL MURTA (Event code: 116333)"]
[Site "Hotel Murta, Carrer Catedràtic Angel Lacalle, s/n, 46800 Xativa (Valencia)"]
[Date "2015.08.27"]
[Round "6"]
[Board "3"]
[White "Cortes Marti, Javier"]
[Black "Sanchez Saez, Francisco"]
[Result "1-0"]
[WhiteElo "2081"]
[BlackElo "2227"]
[PlyCount "137"]
[EventDate "2015.08.25"]
[EventRounds "9"]
[EventCountry "ESP"]

1. d4 Nf6 2. c4 g6 3. Nc3 Bg7 4. e4 d6 5. f3 O-O 6. Be3 c5 7. d5 e6 8. Bd3 exd5
9. cxd5 a6 10. a4 Nbd7 11. Nge2 Ne5 12. O-O h5 13. Bc2 h4 14. h3 Nh5 15. Bf2
Nxf3+ 16. gxf3 Bxh3 17. Kh1 Qf6 18. Ng1 Bg2+ 19. Kh2 h3 20. Nxh3 Bxf1 21. Qxf1
Qxf3 22. Qg2 Be5+ 23. Kg1 Qf6 24. Bd1 Nf4 25. Nxf4 Qxf4 26. Bg4 Kg7 27. Qf3
Qh2+ 28. Kf1 Rh8 29. Ke2 b5 30. Kd3 c4+ 31. Ke3 b4 32. Ne2 Qh6+ 33. Nf4 Bxb2
34. Rb1 c3 35. Kd3 c2 36. Kxc2 Be5 37. Nd3 Bc3 38. Kb3 Qg5 39. a5 Qd8 40. Bb6
Qe8 41. Nxb4 Be5 42. Rh1 Rxh1 43. Qxh1 Qb5 44. Qd1 Rh8 45. Qd3 Qe8 46. Nxa6 Rh4
47. Nc7 Qb8 48. Be2 Rh1 49. Nb5 Qc8 50. Nc3 f6 51. Qc4 Qh3 52. Bd4 Rb1+ 53. Kc2
Ra1 54. Bxe5 fxe5 55. Kb2 Re1 56. Qc7+ Kh6 57. Qxd6 Qe3 58. Qf8+ Kh7 59. Qe7+
Kg8 60. Qe8+ Kh7 61. Qf7+ Kh8 62. Qf6+ Kg8 63. Qxg6+ Kf8 64. Qd6+ Kg8 65. Qg6+
Kf8 66. Qf5+ Ke7 67. Qxe5+ Kd8 68. Qd6+ Kc8 69. Ba6# 1-0

[Event "I OPEN INTERNACIONAL HOTEL MURTA (Event code: 116333)"]
[Site "Hotel Murta, Carrer Catedràtic Angel Lacalle, s/n, 46800 Xativa (Valencia)"]
[Date "2015.08.27"]
[Round "6"]
[Board "4"]
[White "Uran Bermudez, Oliver Kevin"]
[Black "Sanchez Jerez, Emilio Miguel"]
[Result "1-0"]
[WhiteElo "2216"]
[BlackElo "2187"]
[PlyCount "67"]
[EventDate "2015.08.25"]
[EventRounds "9"]
[EventCountry "ESP"]

1. e4 c5 2. Nf3 Nc6 3. d4 cxd4 4. Nxd4 e5 5. Nb3 Nf6 6. Bg5 h6 7. Bxf6 Qxf6 8.
Bc4 Qg6 9. Qf3 Bb4+ 10. c3 Be7 11. O-O d6 12. Na3 Be6 13. Bd5 Bxd5 14. exd5 Nd8
15. Qe2 f5 16. f4 e4 17. Qb5+ Kf7 18. Nd4 Qf6 19. Qd7 g6 20. Nc4 Rh7 21. Nb5
Kg8 22. Qe8+ Bf8 23. Nbxd6 b5 24. Nxe4 fxe4 25. Ne5 Rg7 26. Rae1 Qd6 27. f5
Qxd5 28. f6 Ne6 29. f7+ Kh7 30. Nd7 Rxe8 31. Nf6+ Kh8 32. fxe8=Q Qc5+ 33. Kh1
Qc4 34. Nd7 1-0

[Event "I OPEN INTERNACIONAL HOTEL MURTA (Event code: 116333)"]
[Site "Hotel Murta, Carrer Catedràtic Angel Lacalle, s/n, 46800 Xativa (Valencia)"]
[Date "2015.08.27"]
[Round "6"]
[Board "5"]
[White "Reig Albero, Ferran"]
[Black "Castella Garcia, Fausto"]
[Result "0-1"]
[WhiteElo "2067"]
[BlackElo "2310"]
[PlyCount "50"]
[EventDate "2015.08.25"]
[EventRounds "9"]
[EventCountry "ESP"]

1. e4 c5 2. c3 d6 3. d4 Nf6 4. dxc5 Nc6 5. f3 d5 6. Bb5 e6 7. Bg5 Bxc5 8. e5
Qb6 9. exf6 Qxb5 10. Qe2 Qxe2+ 11. Nxe2 gxf6 12. Bxf6 Rg8 13. Nf4 Bd6 14. g3
Ne5 15. Nd2 Nd7 16. Nh5 Rg6 17. Bd4 e5 18. Be3 Nc5 19. O-O-O Be6 20. Nb3 Nxb3+
21. axb3 d4 22. cxd4 Rc8+ 23. Kd2 Bb4+ 24. Ke2 Rc2+ 25. Kf1 Bxb3 0-1

[Event "I OPEN INTERNACIONAL HOTEL MURTA (Event code: 116333)"]
[Site "Hotel Murta, Carrer Catedràtic Angel Lacalle, s/n, 46800 Xativa (Valencia)"]
[Date "2015.08.27"]
[Round "6"]
[Board "6"]
[White "Hassomal Daswani, Birjkumar"]
[Black "Morant Amezaga, Elies"]
[Result "1-0"]
[WhiteElo "2109"]
[BlackElo "1975"]
[PlyCount "75"]
[EventDate "2015.08.25"]
[EventRounds "9"]
[EventCountry "ESP"]

1. e4 e5 2. Nf3 Nf6 3. Nxe5 d6 4. Nf3 Nxe4 5. d4 d5 6. Bd3 Be7 7. O-O Nc6 8.
Nc3 Nxc3 9. bxc3 O-O 10. Bf4 Bg4 11. Re1 Bd6 12. Bxd6 cxd6 13. Re3 Qd7 14. Qd2
Rfe8 15. Rae1 Bxf3 16. Rxf3 Rxe1+ 17. Qxe1 Re8 18. Re3 Rxe3 19. fxe3 g6 20. c4
dxc4 21. Bxc4 Qf5 22. Qf2 Qxf2+ 23. Kxf2 h5 24. Kf3 Kg7 25. c3 Kf6 26. h4 a6
27. Kf4 Ne7 28. e4 b5 29. Be2 Nc6 30. Bf3 b4 31. Ke3 Ke7 32. e5 Nb8 33. cxb4
dxe5 34. dxe5 f6 35. exf6+ Kxf6 36. Kd4 Ke6 37. Be4 Kf6 38. Kc5 1-0

[Event "I OPEN INTERNACIONAL HOTEL MURTA (Event code: 116333)"]
[Site "Hotel Murta, Carrer Catedràtic Angel Lacalle, s/n, 46800 Xativa (Valencia)"]
[Date "2015.08.27"]
[Round "6"]
[Board "7"]
[White "Gonzalvez Tamarit, Ruben"]
[Black "Banos, Oscar"]
[Result "1/2-1/2"]
[WhiteElo "1929"]
[BlackElo "2237"]
[PlyCount "68"]
[EventDate "2015.08.25"]
[EventRounds "9"]
[EventCountry "ESP"]

1. e4 g6 2. d4 d6 3. Nf3 Bg7 4. Nc3 a6 5. Be3 Nd7 6. Bc4 e6 7. a3 b5 8. Ba2 Rb8
9. O-O Nb6 10. Qe2 Ne7 11. Rad1 O-O 12. e5 d5 13. Qd2 a5 14. Ne2 b4 15. axb4
axb4 16. Bg5 Ba6 17. Rfe1 Re8 18. Ng3 Qc8 19. h4 Nf5 20. Nxf5 exf5 21. Bh6 c6
22. h5 Nd7 23. Nh4 Nf8 24. Bxg7 Kxg7 25. Qg5 Qe6 26. c4 bxc3 27. Bb1 Rxb2 28.
Bxf5 Qe7 29. Qg3 Kh8 30. h6 Ne6 31. Bxe6 fxe6 32. Qxc3 Ra2 33. Nf3 Be2 34. Ra1
Rxa1 1/2-1/2

[Event "I OPEN INTERNACIONAL HOTEL MURTA (Event code: 116333)"]
[Site "Hotel Murta, Carrer Catedràtic Angel Lacalle, s/n, 46800 Xativa (Valencia)"]
[Date "2015.08.27"]
[Round "6"]
[Board "8"]
[White "Belo, Andre Nabais Moura"]
[Black "Martin Rodriguez, Emilio"]
[Result "0-1"]
[WhiteElo "1694"]
[BlackElo "2098"]
[PlyCount "84"]
[EventDate "2015.08.25"]
[EventRounds "9"]
[EventCountry "ESP"]

1. e4 c6 2. d4 d5 3. exd5 cxd5 4. c4 Nf6 5. Nf3 g6 6. Nc3 Bg7 7. Be2 O-O 8. O-O
Nc6 9. Re1 Bg4 10. Be3 e6 11. h3 Bxf3 12. Bxf3 dxc4 13. Bxc6 bxc6 14. Qa4 Rb8
15. Rab1 Nd5 16. Qxc4 Qa5 17. Ne4 Rxb2 18. Qxc6 Rxb1 19. Rxb1 Qxa2 20. Rb7 a5
21. Ng5 Nxe3 22. fxe3 Qe2 23. Qe4 Bh6 24. h4 Qe1+ 25. Kh2 Bxg5 26. hxg5 Qe2 27.
Qf4 Qc4 28. Ra7 Qd5 29. Kg1 Qb5 30. Qe5 Qxe5 31. dxe5 Rd8 32. Rxa5 Rd2 33. e4
Rd4 34. Kf2 Rxe4 35. Kf3 Rd4 36. Rb5 Kg7 37. Ra5 h6 38. gxh6+ Kxh6 39. Ra7 Kg7
40. g4 g5 41. Ra1 Rd3+ 42. Ke4 Rg3 0-1

[Event "I OPEN INTERNACIONAL HOTEL MURTA (Event code: 116333)"]
[Site "Hotel Murta, Carrer Catedràtic Angel Lacalle, s/n, 46800 Xativa (Valencia)"]
[Date "2015.08.27"]
[Round "6"]
[Board "9"]
[White "Galvan Cipriani, Viviana"]
[Black "Gonzalvez Perales, Jose Luis"]
[Result "0-1"]
[WhiteElo "1660"]
[BlackElo "2010"]
[PlyCount "68"]
[EventDate "2015.08.25"]
[EventRounds "9"]
[EventCountry "ESP"]

1. c4 Nf6 2. Nc3 g6 3. e4 d6 4. g3 Bg7 5. Bg2 c5 6. Nge2 Nc6 7. d3 Rb8 8. h3 a6
9. f4 Nd4 10. Nxd4 cxd4 11. Ne2 Nd7 12. O-O b5 13. Qc2 bxc4 14. Qxc4 Nb6 15.
Qc2 Bd7 16. Bd2 Qc8 17. Qxc8+ Rxc8 18. Rac1 O-O 19. Ba5 Na4 20. b3 Nc5 21. Rfd1
Bb5 22. Bb6 Bxd3 23. Bxc5 Bxe2 24. Re1 d3 25. Bb4 Bd4+ 26. Kh2 Be3 27. Rxc8
Rxc8 28. Bf1 Bf2 29. Ra1 Bxf1 30. Rxf1 Rc2 31. Kh1 d2 32. Kg2 d1=Q 33. Rxd1
Be1+ 34. Kf3 Bxb4 0-1

[Event "I OPEN INTERNACIONAL HOTEL MURTA (Event code: 116333)"]
[Site "Hotel Murta, Carrer Catedràtic Angel Lacalle, s/n, 46800 Xativa (Valencia)"]
[Date "2015.08.27"]
[Round "6"]
[Board "10"]
[White "Villar, Juan"]
[Black "Garnacho Velasco, Eduardo"]
[Result "1-0"]
[WhiteElo "2008"]
[BlackElo "1778"]
[PlyCount "97"]
[EventDate "2015.08.25"]
[EventRounds "9"]
[EventCountry "ESP"]

1. d4 d5 2. c4 e5 3. dxe5 d4 4. Nf3 Nc6 5. a3 Nge7 6. Nbd2 Ng6 7. Nb3 Be6 8.
Nbxd4 Bc5 9. Bg5 Be7 10. Nxc6 bxc6 11. Qxd8+ Rxd8 12. Bxe7 Kxe7 13. e3 c5 14.
h3 Rb8 15. O-O-O Rb6 16. Bd3 Rhb8 17. Rd2 Bd7 18. Be4 Ba4 19. h4 Bb3 20. h5 Nf8
21. Bd3 h6 22. Rh4 Ne6 23. Ng1 Nd8 24. Ne2 Nb7 25. Nc3 c6 26. Ne4 Ra6 27. Bc2
Na5 28. Nxc5 Rab6 29. Bxb3 Rxb3 30. Rd7+ Ke8 31. Rxa7 Rxb2 32. Rxa5 Rb1+ 33.
Kc2 R8b2+ 34. Kd3 Rd1+ 35. Ke4 Rxf2 36. Rf4 Rc2 37. Ra8+ Ke7 38. Ra7+ Ke8 39.
Kf5 Rxg2 40. Ne4 Rd7 41. Nd6+ Ke7 42. Rxd7+ Kxd7 43. Nxf7 Ke7 44. e6 c5 45. Rg4
Rf2+ 46. Ke5 Re2 47. e4 Rh2 48. Nd6 Rxh5+ 49. Nf5+ 1-0

[Event "I OPEN INTERNACIONAL HOTEL MURTA (Event code: 116333)"]
[Site "Hotel Murta, Carrer Catedràtic Angel Lacalle, s/n, 46800 Xativa (Valencia)"]
[Date "2015.08.28"]
[Round "7"]
[Board "1"]
[White "Cruz Lledo, Pablo"]
[Black "Uran Bermudez, Oliver Kevin"]
[Result "1-0"]
[WhiteElo "2291"]
[BlackElo "2216"]
[PlyCount "85"]
[EventDate "2015.08.25"]
[EventRounds "9"]
[EventCountry "ESP"]

1. d4 Nf6 2. Nf3 c5 3. d5 d6 4. c4 e5 5. Nc3 Be7 6. g3 h5 7. Bg2 Nbd7 8. e4 Nf8
9. h3 Ng6 10. Be3 a6 11. a4 Bd7 12. Qd2 Rb8 13. Bf1 Qa5 14. Ra3 Qb4 15. Bd3 O-O
16. Qc2 Nxe4 17. Bxe4 f5 18. Nd2 fxe4 19. Ncxe4 Bf5 20. h4 b5 21. axb5 axb5 22.
O-O bxc4 23. Nxc4 Qb7 24. Rd1 Qd7 25. Bg5 Bxg5 26. hxg5 h4 27. Ra6 hxg3 28.
fxg3 Bxe4 29. Qxe4 Qh3 30. Ra3 Qh5 31. Qc2 Rb4 32. Re1 Qxg5 33. Nxd6 Nh4 34.
Qe2 Rg4 35. Ne4 Qg6 36. d6 Nf5 37. Kg2 Nh4+ 38. Kh3 Qh6 39. Kxg4 g6 40. gxh4
Rf4+ 41. Kg3 Qxh4+ 42. Kg2 Rg4+ 43. Rg3 1-0

[Event "I OPEN INTERNACIONAL HOTEL MURTA (Event code: 116333)"]
[Site "Hotel Murta, Carrer Catedràtic Angel Lacalle, s/n, 46800 Xativa (Valencia)"]
[Date "2015.08.28"]
[Round "7"]
[Board "2"]
[White "Castella Garcia, Fausto"]
[Black "Granero Roca, Antonio"]
[Result "0-1"]
[WhiteElo "2310"]
[BlackElo "2397"]
[PlyCount "94"]
[EventDate "2015.08.25"]
[EventRounds "9"]
[EventCountry "ESP"]

1. e4 e5 2. Nf3 Nf6 3. d4 Nxe4 4. Bd3 d5 5. Nxe5 Nd7 6. Nxd7 Bxd7 7. O-O Be7 8.
c4 c6 9. Nc3 Nxc3 10. bxc3 Be6 11. cxd5 Qxd5 12. Re1 O-O 13. Re5 Qd7 14. Qh5 g6
15. Qh6 Bd6 16. Re1 Rfe8 17. Bf4 Bf8 18. Qg5 Bg7 19. a4 Bd5 20. h4 h5 21. Re3
Rxe3 22. fxe3 Re8 23. Re1 Be4 24. Bc4 Bf5 25. Rf1 b5 26. Bb3 bxa4 27. Bxa4 Qd5
28. Bd1 a5 29. Be2 a4 30. c4 Qe6 31. Ra1 Ra8 32. Ra3 Bf6 33. Qg3 Qe7 34. Bd6
Qd8 35. c5 Bxh4 36. Qf4 Bg5 37. Qf2 Qa5 38. Bf3 Qb4 39. Ra2 Qc3 40. Re2 Bd3 41.
Re1 a3 42. Bxc6 a2 43. Bxa8 a1=Q 44. Rxa1 Qxa1+ 45. Kh2 Qxa8 46. Qg3 Bh6 47.
Qe5 Be4 0-1

[Event "I OPEN INTERNACIONAL HOTEL MURTA (Event code: 116333)"]
[Site "Hotel Murta, Carrer Catedràtic Angel Lacalle, s/n, 46800 Xativa (Valencia)"]
[Date "2015.08.28"]
[Round "7"]
[Board "3"]
[White "Sanchez Saez, Francisco"]
[Black "Hassomal Daswani, Birjkumar"]
[Result "1-0"]
[WhiteElo "2227"]
[BlackElo "2109"]
[PlyCount "43"]
[EventDate "2015.08.25"]
[EventRounds "9"]
[EventCountry "ESP"]

1. e4 c5 2. d4 cxd4 3. c3 d5 4. exd5 Qxd5 5. cxd4 Nc6 6. Nf3 Bg4 7. Nc3 Qa5 8.
d5 Ne5 9. Bb5+ Nd7 10. Qd4 Ngf6 11. Ne5 a6 12. Nc4 Qd8 13. Bxd7+ Bxd7 14. Nb6
e6 15. Nxa8 Qxa8 16. d6 Bc6 17. O-O Qd8 18. Bf4 h6 19. Rad1 g5 20. Be5 Bg7 21.
d7+ Kf8 22. Bxf6 1-0

[Event "I OPEN INTERNACIONAL HOTEL MURTA (Event code: 116333)"]
[Site "Hotel Murta, Carrer Catedràtic Angel Lacalle, s/n, 46800 Xativa (Valencia)"]
[Date "2015.08.28"]
[Round "7"]
[Board "4"]
[White "Sanchez Jerez, Emilio Miguel"]
[Black "Gonzalvez Perales, Jose Luis"]
[Result "1-0"]
[WhiteElo "2187"]
[BlackElo "2010"]
[PlyCount "39"]
[EventDate "2015.08.25"]
[EventRounds "9"]
[EventCountry "ESP"]

1. e4 c6 2. d4 d5 3. e5 c5 4. dxc5 e6 5. a3 a5 6. Be3 Nc6 7. Nf3 Nge7 8. Bd3
Qc7 9. Nc3 Na7 10. b4 Ng6 11. O-O Nxe5 12. Bf4 Nxf3+ 13. Qxf3 Qd8 14. Na4 Nc6
15. Nb6 Ra7 16. Qg3 Bd7 17. Bc7 Qf6 18. Bb8 axb4 19. Bxa7 Nxa7 20. Qb8+ 1-0

[Event "I OPEN INTERNACIONAL HOTEL MURTA (Event code: 116333)"]
[Site "Hotel Murta, Carrer Catedràtic Angel Lacalle, s/n, 46800 Xativa (Valencia)"]
[Date "2015.08.28"]
[Round "7"]
[Board "5"]
[White "Crespo Calatayud, Santiago"]
[Black "Garcia Amoros, Pablo"]
[Result "0-1"]
[WhiteElo "1835"]
[BlackElo "2153"]
[PlyCount "110"]
[EventDate "2015.08.25"]
[EventRounds "9"]
[EventCountry "ESP"]

1. Nf3 Nf6 2. c4 d6 3. d4 g6 4. Nc3 Bf5 5. g3 Ne4 6. Bg2 Nxc3 7. bxc3 Bg7 8.
Qb3 Be4 9. O-O Nd7 10. c5 O-O 11. cxd6 cxd6 12. Ba3 Qb6 13. Nd2 Bxg2 14. Kxg2
Rfc8 15. Rac1 Qa6 16. e3 b5 17. Bb2 Nb6 18. Rc2 Nc4 19. a3 Nxd2 20. Rxd2 Rc4
21. Kg1 d5 22. Ra1 e6 23. Kg2 Bf8 24. Kg1 Rac8 25. Kg2 Qc6 26. Kf3 Ra4 27. Kg2
Bd6 28. Kg1 a6 29. Kf1 Qc7 30. Kg2 Qe7 31. Kg1 Rcc4 32. Kg2 Ra5 33. Bc1 Qc7 34.
Rd3 Rca4 35. Rd2 Rc4 36. Rd3 b4 37. cxb4 Bxb4 38. Bb2 Bd6 39. Qd1 Rb5 40. Rb3
Qb7 41. Rxb5 Qxb5 42. Bc1 a5 43. a4 Qc6 44. Bd2 Bb4 45. Bxb4 Rxb4 46. Kg1 h5
47. h4 Kg7 48. Kg2 Rc4 49. Ra2 Rc1 50. Qe2 Qc3 51. Kf3 e5 52. dxe5 d4 53. Qd2
Qc6+ 54. Kf4 dxe3 55. Qxe3 Qc4+ 0-1

[Event "I OPEN INTERNACIONAL HOTEL MURTA (Event code: 116333)"]
[Site "Hotel Murta, Carrer Catedràtic Angel Lacalle, s/n, 46800 Xativa (Valencia)"]
[Date "2015.08.28"]
[Round "7"]
[Board "6"]
[White "Martin Rodriguez, Emilio"]
[Black "Villar, Juan"]
[Result "1-0"]
[WhiteElo "2098"]
[BlackElo "2008"]
[PlyCount "75"]
[EventDate "2015.08.25"]
[EventRounds "9"]
[EventCountry "ESP"]

1. d4 Nf6 2. c4 c5 3. d5 b5 4. Nd2 b4 5. e4 d6 6. Bd3 g6 7. Ne2 Bg7 8. h3 e6 9.
dxe6 fxe6 10. e5 dxe5 11. Ne4 Qe7 12. Be3 Nbd7 13. N2g3 O-O 14. O-O Bb7 15. Qc2
Rac8 16. Rad1 Rc6 17. Rd2 Ra6 18. b3 Rc8 19. Rfd1 Ne8 20. Be2 Rc7 21. Bg5 Qf7
22. Bd8 Bxe4 23. Qxe4 Ndf6 24. Qa8 Rd7 25. Bxf6 Rxd2 26. Rxd2 Bxf6 27. Qc8 Rb6
28. Qxc5 Qc7 29. Qxc7 Nxc7 30. Rd7 Na6 31. Ne4 Bg7 32. c5 Rc6 33. Bb5 Rxc5 34.
Bxa6 Rc2 35. Bc4 Bh6 36. Bxe6+ Kf8 37. Rf7+ Ke8 38. Nd6+ 1-0

[Event "I OPEN INTERNACIONAL HOTEL MURTA (Event code: 116333)"]
[Site "Hotel Murta, Carrer Catedràtic Angel Lacalle, s/n, 46800 Xativa (Valencia)"]
[Date "2015.08.28"]
[Round "7"]
[Board "7"]
[White "Banos, Oscar"]
[Black "Villacorta Nicolas, David"]
[Result "1/2-1/2"]
[WhiteElo "2237"]
[BlackElo "1854"]
[PlyCount "88"]
[EventDate "2015.08.25"]
[EventRounds "9"]
[EventCountry "ESP"]

1. c4 e5 2. g3 Nf6 3. Bg2 c6 4. Nf3 e4 5. Nd4 d5 6. cxd5 Qxd5 7. Nc2 Qh5 8. h3
Qg6 9. Nc3 Bc5 10. Ne3 O-O 11. Qc2 Re8 12. b3 Na6 13. a3 Bxe3 14. dxe3 Nc7 15.
Bb2 Ncd5 16. O-O-O Nxc3 17. Bxc3 Nd5 18. Bb2 b5 19. Rd4 f5 20. g4 Be6 21. Rg1
Rad8 22. Kb1 Bd7 23. Ka1 a5 24. gxf5 Bxf5 25. Rdd1 Qe6 26. Bxg7 Kxg7 27. Bxe4+
Bg6 28. Rd4 Qf6 29. Bxg6 hxg6 30. Rxg6+ Qxg6 31. Rg4 Qxg4 32. hxg4 Ne7 33. Qc3+
Kg8 34. Qxa5 Rd1+ 35. Kb2 Red8 36. Kc2 c5 37. e4 Nc6 38. Qc3 b4 39. Qe3 bxa3
40. Qg5+ Kh7 41. Qh5+ Kg7 42. Qg5+ Kh7 43. Qh5+ Kg7 44. Qg5+ Kh7 1/2-1/2

[Event "I OPEN INTERNACIONAL HOTEL MURTA (Event code: 116333)"]
[Site "Hotel Murta, Carrer Catedràtic Angel Lacalle, s/n, 46800 Xativa (Valencia)"]
[Date "2015.08.28"]
[Round "7"]
[Board "8"]
[White "Carmona Huertas, Juan Antonio"]
[Black "Reig Albero, Ferran"]
[Result "1/2-1/2"]
[WhiteElo "1773"]
[BlackElo "2067"]
[PlyCount "68"]
[EventDate "2015.08.25"]
[EventRounds "9"]
[EventCountry "ESP"]

1. d4 Nf6 2. Bg5 e6 3. e4 h6 4. Bxf6 Qxf6 5. Nf3 d6 6. c3 Nd7 7. Nbd2 g6 8. Bd3
Bg7 9. Qc2 a6 10. Nc4 Qe7 11. O-O O-O 12. e5 b5 13. exd6 cxd6 14. Ncd2 Nb6 15.
Rfe1 Bb7 16. Rac1 Rac8 17. Qd1 Rc7 18. Qe2 Re8 19. Be4 Bxe4 20. Qxe4 Rec8 21.
a3 a5 22. Qb1 h5 23. Nb3 Ra8 24. h3 Qf6 25. Nbd2 Bh6 26. Ne4 Qe7 27. Rcd1 Nd5
28. Qd3 Rb8 29. g3 Kg7 30. Kh2 Nf6 31. Kg2 Nxe4 32. Rxe4 b4 33. axb4 axb4 34.
c4 Ra7 1/2-1/2

[Event "I OPEN INTERNACIONAL HOTEL MURTA (Event code: 116333)"]
[Site "Hotel Murta, Carrer Catedràtic Angel Lacalle, s/n, 46800 Xativa (Valencia)"]
[Date "2015.08.28"]
[Round "7"]
[Board "9"]
[White "Morant Amezaga, Elies"]
[Black "Manez Alino, Salvador"]
[Result "1-0"]
[WhiteElo "1975"]
[BlackElo "1781"]
[PlyCount "67"]
[EventDate "2015.08.25"]
[EventRounds "9"]
[EventCountry "ESP"]

1. d4 Nf6 2. c4 c5 3. d5 e6 4. Nc3 a6 5. e4 exd5 6. cxd5 d6 7. a4 g6 8. Nf3 Bg7
9. Bd3 O-O 10. O-O Bg4 11. h3 Bxf3 12. Qxf3 Nbd7 13. Qe2 Qc7 14. Be3 Rac8 15.
Bc2 Rfe8 16. Qd2 c4 17. Bd4 Nc5 18. Rae1 Nfd7 19. Bxg7 Kxg7 20. Qd4+ f6 21.
Qxc4 Qb6 22. Qa2 Ne5 23. Re3 Ncd7 24. Qb3 Qa7 25. Ne2 Nc5 26. Qb4 Ncd7 27. Rc3
Nc5 28. a5 Ned7 29. Qd4 b6 30. b4 Nb7 31. Ba4 Rxc3 32. Nxc3 Re7 33. Bxd7 Rxd7
34. Na4 1-0